000
00390nam a2200145Ia 4500
008
100204s9999 xx 000 0 und d
082
_b
26251
100
_a
ओक जनार्दन
245
_a
अयार
260
_b
"पायल पब्लिकेशन , पुणे"
_c
2004
300
_a
176
630
_a
अयार
730
_a
अयार
942
_c
BOOK
999
_c
471431
_d
471428